| 000 | 00745nam a2200253Ia 4500 | ||
|---|---|---|---|
| 003 | OSt | ||
| 005 | 20220926040947.0 | ||
| 006 | a|||||r|||| 00| 0 | ||
| 007 | ta | ||
| 008 | 220923b |||||||| |||| 00| 0 eng d | ||
| 037 | _cGeneral Book | ||
| 040 |
_aRTL _cRTL _beng |
||
| 041 |
_2eng _aeng |
||
| 082 | _aX415.73.N21<--M62, F3 | ||
| 100 |
_aTrottman Nelson _9344352 |
||
| 245 | 0 |
_aHistory of the Union Pacific _b A financial and econ |
|
| 260 | _c1923 | ||
| 300 |
_av,412p. _ccm. |
||
| 490 | _aLibrary of Early American Business and Industry.11 | ||
| 500 | _aReprint of Economic Classics | ||
| 650 | _aUnited States | ||
| 942 |
_hX415.73.N21<--M62, F3 _cGB _2CC |
||
| 999 |
_c666049 _d666049 |
||